|
|
|
|
| LEADER |
00000nab a2200000 ar4500 |
| 001 |
vtls009455590 |
| 003 |
SK-MaSNL |
| 005 |
20260305034049.0 |
| 008 |
081216c2008 xo mr|p|||||||000 b|slo |
| 038 |
|
|
|a RVGKPD
|
| 040 |
|
|
|a RVGKPD
|b slo
|c RVGKPD
|e AACR2
|
| 041 |
|
|
|a slo
|
| 044 |
|
|
|a xo
|c SK
|
| 080 |
|
|
|a 364
|2 1997
|
| 245 |
0 |
0 |
|a Projekt terénna sociálna práca v Dobšinej
|
| 650 |
0 |
7 |
|a terénna sociálna práca
|2 rvgkpd
|9 87358
|
| 651 |
|
7 |
|a Gočovo (Slovensko)
|2 rvgkpd
|9 58511
|
| 651 |
|
7 |
|a Rožňava (Slovensko : okres)
|2 rvgkpd
|9 19215
|
| 773 |
0 |
|
|t Dobšinské noviny
|g (september 2008), s. 3
|
| 852 |
|
|
|a RVGKPD
|b KIS3G
|
| 992 |
|
|
|a RBX
|
| 999 |
|
|
|c 3327608
|d 3329538
|